header

Lloyd George (Record no. 1198)

MARC details
000 -LEADER
fixed length control field 01415nam a2200361 a 4500
082 04 - DEWEY DECIMAL CLASSIFICATION NUMBER
Classification number 941.083/092
-- B
100 1# - MAIN ENTRY--AUTHOR NAME
Personal name Constantine, Stephen.
245 10 - TITLE STATEMENT
Title Lloyd George
260 ## - PUBLICATION, DISTRIBUTION, ETC. (IMPRINT)
Place of publication London ;
-- New York :
Name of publisher Routledge,
Year of publication 1992.
300 ## - PHYSICAL DESCRIPTION
Number of Pages x, 86 p.
490 1# - SERIES STATEMENT
Series statement Lancaster pamphlets
650 #0 - SUBJECT ADDED ENTRY--TOPICAL TERM
Topical Term Prime ministers
856 40 - ELECTRONIC LOCATION AND ACCESS
Uniform Resource Identifier http://site.ebrary.com/lib/rucke/Doc?id=5001437

No items available.

© 2026 Rongo University
Contact us: librarian | system librarian | Rongo university